000 00548nam a2200193Ia 4500
003 IN-BaIIA
008 211028s9999 xx 000 0 eng d
020 _a0-393-06415-8
040 _cIIA Library
080 _a52
_bJAS
100 _aJastrow, Robert
_95984
245 0 _aUntil the sun dies
_cRobert Jastrow
260 _aNew York
_bW. W Norton
_c1977
300 _a172p.
650 _aAstronomy
_980
650 _aAstronomy and Astrophysics Thesaurus
650 _aOrigin of Life
_93519
942 _cBK
999 _c6064
_d6064